Mathematical constants II (Record no. 50645)

MARC details
000 -LEADER
fixed length control field 00597nam a2200157 a 4500
008 - FIXED-LENGTH DATA ELEMENTS--GENERAL INFORMATION
fixed length control field 200804s2019 ||||||||||||||||| || u
020 ## - INTERNATIONAL STANDARD BOOK NUMBER
International Standard Book Number 9781108470599
050 ## - LIBRARY OF CONGRESS CALL NUMBER
Classification number QA 41 Fin
100 ## - MAIN ENTRY--PERSONAL NAME
Personal name Finch, Steven R.
245 10 - TITLE STATEMENT
Title Mathematical constants II
Statement of responsibility, etc. By Steven R. Finch
260 ## - PUBLICATION, DISTRIBUTION, ETC.
Place of publication, distribution, etc. Cambridge
Name of publisher, distributor, etc. Cambridge University Press
Date of publication, distribution, etc. 2019
300 ## - PHYSICAL DESCRIPTION
Extent xiii,769 pages: illustrations
350 ## - PRICE (NR) (BK AM CF MU VM SE) [OBSOLETE]
Price 147.06
650 ## - SUBJECT ADDED ENTRY--TOPICAL TERM
Topical term or geographic name entry element MATHEMATICAL CONSTANTS
995 ## - RECOMMENDATION 995 [LOCAL, UNIMARC FRANCE]
-- CBU-MAIN LIBRARY (Kitwe)
-- 147.06
-- 1
-- AVAILABLE
-- Aug 12, 2020
-- Main Library Open Access Collection
Holdings
Withdrawn status Lost status Source of classification or shelving scheme Damaged status Not for loan Home library Current library Shelving location Date acquired Total Checkouts Full call number Barcode Date last seen Price effective from Koha item type
          CBU-MAIN LIBRARY, KITWE. CBU-MAIN LIBRARY, KITWE.   11/30/2022   QA 41 Fin 750468 11/30/2022 11/30/2022 MONOGRAPH